Welcome to WEB OPAC of MRSPTU Central Library

Modern algebra (Record no. 145)

MARC details
000 -LEADER
fixed length control field 00415nam a2200169Ia 4500
008 - FIXED-LENGTH DATA ELEMENTS--GENERAL INFORMATION
fixed length control field 230711s9999||||xx |||||||||||||| ||und||
020 ## - INTERNATIONAL STANDARD BOOK NUMBER
International Standard Book Number 978-81259-1540-9
041 ## - LANGUAGE CODE
Language code of text/sound track or separate title ENG
082 ## - DEWEY DECIMAL CLASSIFICATION NUMBER
Classification number 621
Item number SU-M
100 ## - MAIN ENTRY--PERSONAL NAME
Personal name Surjeet Singh
245 #0 - TITLE STATEMENT
Title Modern algebra
250 ## - EDITION STATEMENT
Edition statement 8th . Ed.
260 ## - PUBLICATION, DISTRIBUTION, ETC.
Date of publication, distribution, etc. 2005
Place of publication, distribution, etc. New Delhi
Name of publisher, distributor, etc. Vikas Publishing House Pvt Ltd.
650 ## - SUBJECT ADDED ENTRY--TOPICAL TERM
Topical term or geographic name entry element Mathematics
700 ## - ADDED ENTRY--PERSONAL NAME
Personal name Zameeruddin.Qazi
942 ## - ADDED ENTRY ELEMENTS (KOHA)
Koha item type Book
Holdings
Withdrawn status Lost status Damaged status Not for loan Collection Home library Current library Date acquired Total checkouts Full call number Barcode Date last seen Price effective from Koha item type Date due Date last checked out
          MRSPTU Central Library MRSPTU Central Library     621 SU-M 840 08/17/2023 08/17/2023 Book    
          MRSPTU Central Library MRSPTU Central Library     621 SU-M 841 08/17/2023 08/17/2023 Book    
          MRSPTU Central Library MRSPTU Central Library     512 SU-M 31268 08/17/2023 08/17/2023 Book    
          MRSPTU Central Library MRSPTU Central Library   3 512 SU-M 31269 04/15/2026 08/17/2023 Book 05/06/2026 04/15/2026
          MRSPTU Central Library MRSPTU Central Library   3 512 SU-M 31270 04/23/2026 08/17/2023 Book 05/14/2026 04/23/2026
          MRSPTU Central Library MRSPTU Central Library   9 512 SU-M 31271 04/22/2026 08/17/2023 Book 05/13/2026 04/22/2026
          MRSPTU Central Library MRSPTU Central Library   2 512 SU-M 31272 03/27/2026 08/17/2023 Book   03/05/2026
          MRSPTU Central Library MRSPTU Central Library     621 SU-M PBB840 08/17/2023 08/17/2023 Book    
          MRSPTU Central Library MRSPTU Central Library     621 SU-M PBB841 08/17/2023 08/17/2023 Book    

Website Designed and Developed by MRSPTU Central Library Team

E-mail Id: librarian@mrsptu.ac.in